| 000 | 00352nam a2200121Ia 4500 | ||
|---|---|---|---|
| 008 | 220204s9999 xx 000 0 und d | ||
| 082 |
_a33:630*6 _bNIR |
||
| 100 | _aNIRMAL CHANDRA SAHU | ||
| 245 | 0 | _aEconomics of forest resources: Problems and policies in a regional economy | |
| 260 |
_aDelhi _bBR Pub _c1986 |
||
| 650 | _aForest resource | ||
| 942 | _cBK | ||
| 999 |
_c40097 _d40097 |
||